Complete office handbook : (Record no. 363353)
[ view plain ]
| 000 -LEADER | |
|---|---|
| fixed length control field | 00654nam a2200229Ia 4500 |
| 008 - FIXED-LENGTH DATA ELEMENTS--GENERAL INFORMATION | |
| fixed length control field | 200601s9999 xx 000 0 und d |
| 020 ## - INTERNATIONAL STANDARD BOOK NUMBER | |
| International Standard Book Number | 0-679-77038-0 |
| 050 ## - LIBRARY OF CONGRESS CALL NUMBER | |
| Classification number | REF HF 5548 |
| 050 ## - LIBRARY OF CONGRESS CALL NUMBER | |
| Item number | .J33 1997 |
| 100 ## - MAIN ENTRY--PERSONAL NAME | |
| Personal name | Jaderstrom, Susan. |
| 245 #0 - TITLE STATEMENT | |
| Title | Complete office handbook : |
| 245 #4 - TITLE STATEMENT | |
| Remainder of title | the definitive reference for today's electronic office / |
| 245 #0 - TITLE STATEMENT | |
| Statement of responsibility, etc | Susan Jaderstrom, Loernard Kruk, and Joanne Miller. |
| 250 ## - EDITION STATEMENT | |
| Edition statement | 2nd Edition |
| 260 ## - PUBLICATION, DISTRIBUTION, ETC. (IMPRINT) | |
| Place of publication, distribution, etc | New York : |
| 260 ## - PUBLICATION, DISTRIBUTION, ETC. (IMPRINT) | |
| Name of publisher, distributor, etc | Random House, Inc. |
| 260 ## - PUBLICATION, DISTRIBUTION, ETC. (IMPRINT) | |
| Date of publication, distribution, etc | 2001 |
| 300 ## - PHYSICAL DESCRIPTION | |
| Extent | 564 pages : |
| 300 ## - PHYSICAL DESCRIPTION | |
| Other physical details | illustrations ; |
| 300 ## - PHYSICAL DESCRIPTION | |
| Dimensions | 24 cm. |
| 650 ## - SUBJECT ADDED ENTRY--TOPICAL TERM | |
| Topical term or geographic name as entry element | Office practice -- Automation. |
| Withdrawn status | Lost status | Damaged status | Home library | Current library | Shelving location | Date acquired | Total Checkouts | Full call number | Barcode | Date last seen | Price effective from | Koha item type |
|---|---|---|---|---|---|---|---|---|---|---|---|---|
| South Mansfield College | South Mansfield College | Reference Section | 06/01/2020 | REF HF 5548 .J33 1997 | SMC00688 | 06/01/2020 | 06/01/2020 | Books |